000 00503nam a2200181 4500
003 LK-CoMWRAF
005 20230905145107.0
008 230905b1976 |||||||| |||| 00| 0 eng d
020 _a 0822952734
040 _aLK-CoMWRAF
_dLK-CoMWRAF
_eLK-CoMWRAF
041 _aeng
082 _a823
_bBEL
100 _aBell, Thomas
245 _aOut of this furnace :
_b A Novel of immigrant labor in America
260 _aLondon :
_bUniversity of Pittsburg Press,
_c1976
650 _aEnglish Fiction
942 _cBK
999 _c3410
_d3410